|
|
|
|
| LEADER |
00000cam a2200000 7i4500 |
| 001 |
0000009483 |
| 005 |
20160923.0 |
| 020 |
|
|
|a 0435852175
|
| 040 |
|
|
|a INS
|
| 090 |
0 |
0 |
|a HT133
|b D66 1980
|
| 100 |
0 |
|
|a Donnison, David Vernon
|
| 245 |
1 |
4 |
|a The good city :
|b a study of urban development and policy in Britain
|c by David Vernon Donnison, with Paul Sato
|
| 260 |
|
|
|a London :
|b Heinemann Educations ,
|c 1980
|
| 300 |
|
|
|a 221p :
|b ill. ;
|c 22cm.
|
| 650 |
0 |
0 |
|a Cities and town
|z Great Britain
|
| 650 |
0 |
0 |
|a City planning
|x Great Britain
|
| 650 |
0 |
0 |
|a Urban policy
|z Great Britain
|
| 700 |
1 |
|
|a Sato, Paul
|
| 999 |
|
|
|a 0000023655
|b BOOK
|c Open Shelf
|e Default branch
|